000
00234nam a2200097Ia 4500
001
924427
005
20250826191521.0
008
250824s9999 xx 000 0 und d
245
0
_a
SAVAŞ VE BARIŞ
_c
TOLSTOY
260
_b
ANONİM YAYINLARI
999
_c
924427
_d
924427